| 000 | 00492nam a2200145Ia 4500 | ||
|---|---|---|---|
| 008 | 170224s9999 xx 000 0 und d | ||
| 100 | _aTommi Laukkanen | ||
| 245 | _aDoes market orientation pay off without brand orientation? A study of small business entrepreneurs | ||
| 245 | _cTommi Laukkanen, Sasu Tuominen, Helen Reijonen & Saku Hirvonen | ||
| 260 | _bJournal of Marketing Management | ||
| 260 | _c2016 | ||
| 300 | _a32:7-8,Pages: 673-694 | ||
| 500 | _aJune | ||
| 650 | _xMarketing. | ||
| 999 |
_c315934 _d315934 |
||